000 00724nam a22002417a 4500
001 91496
003 UA-OsUOA
005 20191217153150.0
007 ta
008 20121129b un ||||| |||| 00| 0 ukr d
040 _aUA-OsUOA
_bukr
_cUA-OsUOA
_dUA-OsUOA
041 _aukr
080 _a821.161.2
090 _a821.161.2
_bС79
100 _aСтефаник В.
245 _aВибрані твори
260 _aК.
_bДержавне видавництво художньої літератури
_c1962
300 _a256 с.
650 7 _a82 Література. Літературознавство
_2UDC
942 _cBK
_2udc
955 _a3
999 _c377760
_d377760